Auditing and assurance services : (Record no. 4012)
[ view plain ]
| 000 -LEADER | |
|---|---|
| fixed length control field | 01098cam a22003015a 4500 |
| 005 - DATE AND TIME OF LATEST TRANSACTION | |
| control field | 20201128013301.0 |
| 008 - FIXED-LENGTH DATA ELEMENTS--GENERAL INFORMATION | |
| fixed length control field | 081126t2006 njua fr 001 0 eng d |
| 010 ## - LIBRARY OF CONGRESS CONTROL NUMBER | |
| LC control number | 2005006768 |
| 020 ## - INTERNATIONAL STANDARD BOOK NUMBER | |
| International Standard Book Number | 0131867121 |
| 020 ## - INTERNATIONAL STANDARD BOOK NUMBER | |
| International Standard Book Number | 9780131867123 |
| 040 ## - CATALOGING SOURCE | |
| Original cataloging agency | EG-ScBUE |
| Language of cataloging | eng |
| Transcribing agency | EG-ScBUE |
| Modifying agency | EG-ScBUE |
| 082 04 - DEWEY DECIMAL CLASSIFICATION NUMBER | |
| Classification number | 657.45 |
| Item number | ARE |
| Edition number | 22 |
| 100 1# - MAIN ENTRY--PERSONAL NAME | |
| Personal name | Arens, Alvin A. |
| 245 10 - TITLE STATEMENT | |
| Title | Auditing and assurance services : |
| Remainder of title | an integrated approach / |
| Statement of responsibility, etc | Alvin A. Arens, Randal J. Elder, Mark S. Beasley. |
| 250 ## - EDITION STATEMENT | |
| Edition statement | 11th ed. |
| 260 ## - PUBLICATION, DISTRIBUTION, ETC. (IMPRINT) | |
| Place of publication, distribution, etc | Upper Saddle River : |
| Name of publisher, distributor, etc | Pearson / Prentice Hall, |
| Date of publication, distribution, etc | c.2006. |
| 300 ## - PHYSICAL DESCRIPTION | |
| Extent | xvii, 799 p. : |
| Other physical details | ill. (some col.) ; |
| Dimensions | 29 cm. |
| 500 ## - GENERAL NOTE | |
| General note | Index : p. 793-799. |
| 500 ## - GENERAL NOTE | |
| General note | "with Web Content provided by J. Gregory Jenkins, Virginia Tech". |
| 500 ## - GENERAL NOTE | |
| General note | "Includes coverage of the Sarbanes-Oxley Act and section 404 Audits". |
| 650 #7 - SUBJECT ADDED ENTRY--TOPICAL TERM | |
| Topical term or geographic name as entry element | Auditing. |
| Source of heading or term | BUEsh |
| 650 #7 - SUBJECT ADDED ENTRY--TOPICAL TERM | |
| Topical term or geographic name as entry element | Negative assurance (Accounting) |
| Source of heading or term | BUEsh |
| 651 ## - SUBJECT ADDED ENTRY--GEOGRAPHIC NAME | |
| Source of heading or term | BUEsh |
| 653 ## - INDEX TERM--UNCONTROLLED | |
| Resource For college | BAEPS, Business Administration |
| Arrived date list | August2015 |
| -- | November2017 |
| 700 1# - ADDED ENTRY--PERSONAL NAME | |
| Personal name | Elder, Randal J. |
| 9 (RLIN) | 1184 |
| 700 1# - ADDED ENTRY--PERSONAL NAME | |
| Personal name | Beasley, Mark S. |
| 9 (RLIN) | 1183 |
| 942 ## - ADDED ENTRY ELEMENTS (KOHA) | |
| Source of classification or shelving scheme | Dewey Decimal Classification |
| Withdrawn status | Item status | Source of classification or shelving scheme | Damaged status | Not for loan | Home library | Current library | Shelving location | Date acquired | Source of acquisition | Total Checkouts | Total Renewals | Full call number | Barcode | Date last seen | Date last borrowed | Koha item type | Vendor |
|---|---|---|---|---|---|---|---|---|---|---|---|---|---|---|---|---|---|
| Dewey Decimal Classification | Central Library | Central Library | First floor | 07/08/2014 | Purchase | 6 | 11 | 657.45 ARE | 000005152 | 15/07/2025 | 12/11/2013 | Book - Borrowing | |||||
| Dewey Decimal Classification | Central Library | Central Library | First floor | 13/11/2017 | Donation | 1 | 657.45 ARE | 000042454 | 15/07/2025 | 22/11/2017 | Book - Borrowing | Donation-Gift |